00705nam a2200241 a 4500001001300000003000900013005001700022008004100039020001000080082002000090100002800110245003500138260003900173300000900212500003500221505001200256650001900268700002800287902000800315942000700323952012000330999001300450nice12345678IN_TiNIC20260116011335.0080212s1952 para grp 000 0 fre  ac10000a492.782441bGAU aGaudefroy, M Demombynes aGrammaire De L`arabe Classique aParisbG P Maisonneuve & Co,c1952 a508p aincludes index and biblioraphy2 aIndex  aFrench Grammar1 aGaudefroy, M Demombynes bSRS cBK 001040708StackRoom-aHMIbHMId2008-02-12g100.00l0o492.782441 GAUp00324r2008-02-12v100.00w2008-02-12yBK c652d652